000 03361 a2201141 4500
003 PE-LiUPU
005 20250813185703.0
008 231228b |||||||| |||| 00| 0 spa d
020 _a9786124265426
040 _aPE-LiUPU
_bspa
_cPE-LiUPU
_erda
082 _223
_a346.35
_bP698m
100 1 0 _aPlácido V. Alex F.
_d1965-
_eautor.
245 1 0 _aManual de derechos de niños, niñas y adolescentes /
_cAlex F. Plácido v.
250 _aprimera edición
264 _aLima :
_bInstituto pacífico,
_c2015.
300 _a905 páginas ;
_c25 centímetros.
504 _apáginas 893-905.
505 _aNiños, niñas y adolescentes: de objetos de tutela a sujetos de derecho con capacidad progresiva para ejercer derechos fundamentales -- El sistema internacional de protección de los derechos del niño y su recepción en el derecho interno peruano -- El interés superior del niño: herramienta eficaz para la promoción de los derechos de la infancia y adolescencia -- La Convención sobre los derechos del niño: catálogo mínimo de los derechos específicos de la infancia y la adolescencia -- La Convención sobre los Derechos del niño y los asuntos de competencia de la justicia especializada familiar en materia de niños y adolescentes -- Observaciones generales del Comité de los Derechos del Niño
526 _aP202
526 _aP201
526 _aP163
526 _aP162
526 _aP161
526 _aP160
526 _aP148
526 _aP147
526 _aP146
526 _aP145
526 _aP144
526 _aP143
526 _aP142
526 _aP141
526 _aP140
526 _aP139
526 _aP138
526 _aP137
526 _aP136
526 _aP135
526 _aP134
526 _aP133
526 _aP129
526 _aP128
526 _aP127
526 _aP120
526 _aP119
526 _aP118
526 _aP116
526 _aP115
526 _aP114
526 _aP110
526 _aP109
526 _aP108
526 _aP104
526 _aP103
526 _aP102
526 _aP99
526 _aP98
526 _aP97
526 _aP96
526 _aP95
526 _aP93
526 _aP90
526 _aP89
526 _aP88
526 _aP83
526 _aP82
526 _aP62
526 _aP59
526 _aP58
526 _aP57
526 _aP51
526 _aP49
526 _aP48
526 _aP47
526 _aP29
526 _aP24
526 _aP20
526 _aP19
526 _aP17
526 _aP15
526 _aP14
526 _aP12
526 _aP10
526 _aP09
526 _aP08
526 _aP07
526 _aP06
526 _aP05
526 _aP04
526 _aP01
610 1 4 _aNaciones Unidas
_bComité de los Derechos del niño.
_93611
611 2 4 _aConvención sobre los Derechos del Niño,
_93612
650 2 4 _aNiños
_xDerechos civiles
_zPerú.
_93610
650 2 4 _aAdolescentes
_xDerechos civiles
_zPerú.
_93609
942 _cBK
_2ddc
_n0
980 _621515
_aDIGNA BRAÑES Analista Documental
_81
_gALBERTO SANCHEZ Responsable de Automatización
999 _c62237
_d62236